[Event "FICGS rapid B 000153 email"]
[Site "FICGS email"]
[Date "2010.06.27"]
[Round "1"]
[White "Comes Dumoulin, Ruben Marcelo"]
[Black "Doan, Binh"]
[Result "1-0"]
[WhiteElo "1800"]
[BlackElo "1800"]
[PlyCount "53"]
[EventDate "2010.??.??"]
[EventType "tourn (rapid)"]
[EventRounds "6"]
[SourceTitle "Corr 2013"]
[Source "ChessBase"]
[SourceDate "2012.11.12"]
[SourceVersion "1"]
[SourceVersionDate "2012.11.12"]
[SourceQuality "1"]

1. e4 c5 2. Nf3 e6 3. Nc3 a6 4. d4 cxd4 5. Nxd4 b5 6. Bd3 Qb6 7. Nf3 Nc6 8. 0-0 Qb8 9. h3 d6 10. Rb1 Be7 11. b4 Bf6 12. Qe1 Nge7 13. a4 Bd7 14. axb5 axb5 15. Nxb5 Ne5 16. Nxe5 dxe5 17. Na3 0-0 18. b5 Nc8 19. Nc4 Nb6 20. Nxb6 Qxb6 21. c4 Qd4 22. Qe2 Be7 23. Be3 Qc3 24. Rfc1 Qa3 25. c5 Rfc8 26. c6 Be8 27. c7 1-0

[Event "FICGS rapid B 000153 email"]
[Site "FICGS email"]
[Date "2010.06.27"]
[Round "1"]
[White "Doan, Binh"]
[Black "Hoe, Yu Ming"]
[Result "0-1"]
[WhiteElo "1800"]
[BlackElo "1800"]
[PlyCount "34"]
[EventDate "2010.??.??"]
[EventType "tourn (rapid)"]
[EventRounds "6"]
[SourceTitle "Corr 2013"]
[Source "ChessBase"]
[SourceDate "2012.11.12"]
[SourceVersion "1"]
[SourceVersionDate "2012.11.12"]
[SourceQuality "1"]

1. e4 c5 2. Nf3 d6 3. d4 cxd4 4. Nxd4 Nf6 5. Nc3 a6 6. Bg5 e6 7. f4 Qb6 8. Qd2 Qxb2 9. Rb1 Qa3 10. f5 b5 11. fxe6 Bxe6 12. Bxf6 gxf6 13. Be2 Bh6 14. Qd3 Nd7 15. 0-0 Ne5 16. Qg3 Rc8 17. Rxf6 Rxc3 0-1

[Event "FICGS unrated 00000 email"]
[Site "FICGS email"]
[Date "2010.06.20"]
[Round "1"]
[White "Doan, Binh"]
[Black "Trigance, Emile"]
[Result "0-1"]
[WhiteElo "1800"]
[BlackElo "1600"]
[PlyCount "20"]
[EventDate "2010.??.??"]
[EventType "swiss (corr)"]
[EventRounds "1"]
[SourceTitle "Corr 2013"]
[Source "ChessBase"]
[SourceDate "2012.11.12"]
[SourceVersion "1"]
[SourceVersionDate "2012.11.12"]
[SourceQuality "1"]

1. e4 c5 2. Nf3 d6 3. d4 cxd4 4. Nxd4 Nf6 5. Nc3 g6 6. Bg5 Bg7 7. Bc4 Bd7 8. Bb3 Nc6 9. Qd2 0-0 10. 0-0-0 Rc8 0-1

[Event "FICGS unrated 00000 email"]
[Site "FICGS email"]
[Date "2010.06.20"]
[Round "1"]
[White "Riha, Josef"]
[Black "Doan, Binh"]
[Result "1-0"]
[WhiteElo "2046"]
[BlackElo "1800"]
[PlyCount "23"]
[EventDate "2010.??.??"]
[EventType "swiss (corr)"]
[EventRounds "1"]
[SourceTitle "Corr 2013"]
[Source "ChessBase"]
[SourceDate "2012.11.12"]
[SourceVersion "1"]
[SourceVersionDate "2012.11.12"]
[SourceQuality "1"]

1. d4 Nf6 2. Nf3 e6 3. Bg5 h6 4. Bxf6 Qxf6 5. e3 Qd8 6. c4 Bb4+ 7. Nc3 0-0 8. Qb3 Bxc3+ 9. Qxc3 b6 10. Be2 Bb7 11. 0-0 d6 12. c5 1-0